Enhancement and Restoration of Digital Documents: Statistical Design of Nonlinear Algorithms (Record no. 22183)

MARC details
000 -LEADER
fixed length control field 00566nam a2200169Ia 4500
003 - CONTROL NUMBER IDENTIFIER
control field IN-BaIIA
008 - FIXED-LENGTH DATA ELEMENTS--GENERAL INFORMATION
fixed length control field 211028s9999 xx s 000 0 eng d
020 ## - INTERNATIONAL STANDARD BOOK NUMBER
International Standard Book Number 9780819421098 (Print)
020 ## - INTERNATIONAL STANDARD BOOK NUMBER
International Standard Book Number 9781510637092  (Online)
040 ## - CATALOGING SOURCE
Transcribing agency IIA Library
100 ## - MAIN ENTRY--PERSONAL NAME
Personal name Loce, Robert P.
9 (RLIN) 40887
245 #0 - TITLE STATEMENT
Title Enhancement and Restoration of Digital Documents: Statistical Design of Nonlinear Algorithms
Medium [eBook]
260 ## - PUBLICATION, DISTRIBUTION, ETC.
Place of publication, distribution, etc. Washington, USA
Name of publisher, distributor, etc. SPIE
Date of publication, distribution, etc. 1997
300 ## - PHYSICAL DESCRIPTION
Extent Online resource
856 ## - ELECTRONIC LOCATION AND ACCESS
Uniform Resource Identifier <a href="https://doi.org/10.1117/3.2570043">https://doi.org/10.1117/3.2570043</a>
Link text Click Here to Access eBook
942 ## - ADDED ENTRY ELEMENTS (KOHA)
Koha item type eBooks
Holdings
Withdrawn status Lost status Damaged status Not for loan Home library Current library Date acquired Source of acquisition Total Checkouts Barcode Date last seen Uniform Resource Identifier Price effective from Koha item type
        IIA Library-Bangalore IIA Library-Bangalore 01/07/2011 SPIE   EB1643 05/11/2021 https://doi.org/10.1117/3.2570043 05/11/2021 eBooks

Powered by Koha